Top 20 Richest Presidents All Time - Statistics

General Stats
  • This quiz has been taken 47 times
  • The average score is 6 of 19
Answer Stats
Country of Origin Net Worth Answer % Correct
United States $2 billion Donald Trump
100%
Russia $70 billion Vladimir Putin
98%
North Korea $4 billion Kim Jong-Il
90%
North Korea $5 billion Kim Jong-Un
88%
Cuba $900 million Fidel Castro
76%
Iraq $2 billion Saddam Hussein
67%
Italy $8.5 billion Silvio Berlusconi
62%
Rwanda $500 million Paul Kagame
7%
Sudan $1 billion Omar al-Bashir
2%
Chile $2.8 billion Sebastian Pinera
2%
Republic of Kosovo $900 million Behgjet Pacolli
0%
South Africa $450 million Cyril Ramaphosa
0%
Paraguay $500 million Horacio Cartes
0%
Azerbaijan $500 million IIham Aliyev
0%
Uzbekistan $1 billion Islam Karimov
0%
Ethiopia $3 billion Meles Zenawi
0%
Pakistan $1.6 billion Nawaz Sharif
0%
Equatorial Guinea $200 million Teodoro Nguema Obiang
0%
Kenya $500 million Uhuru Kenyatta
0%
No matching quizzes found
Score Distribution
Percent of People with Each Score
Percentile by Number Answered
Your Score History
You have not taken this quiz